000 00441nam a2200181 a 4500
001 3958
003 CO-ViMGA
008 141112s2004 ck r 000 u spa d
020 _a0201625849
040 _aCO-ViMGA
_bspa
_cCO-ViMGA
082 0 4 _a330.1 P174
100 1 _aParkin, Michael
245 1 0 _aMicroeconomía
260 _aWilmington :
_bAddison - Wesley,
_c1995
300 _a119 p : il
650 1 4 _aMICROEconomía
942 _2ddc
_cBK
999 _c15976
_d15976